<?xml version="1.0" encoding="UTF-8"?>
<record
    xmlns:xsi="http://www.w3.org/2001/XMLSchema-instance"
    xsi:schemaLocation="http://www.loc.gov/MARC21/slim http://www.loc.gov/standards/marcxml/schema/MARC21slim.xsd"
    xmlns="http://www.loc.gov/MARC21/slim">

  <leader>01804    a2200229   4500</leader>
  <controlfield tag="001">30081</controlfield>
  <controlfield tag="005">20260407155611.0</controlfield>
  <controlfield tag="008">260407a2014    arg                 spa d</controlfield>
  <controlfield tag="003">AR-UNSa-BCEJYS</controlfield>
  <datafield tag="040" ind1=" " ind2=" ">
    <subfield code="a">AR-UNSa-BCEJYS</subfield>
    <subfield code="b">spa</subfield>
    <subfield code="c">AR-UNSa-BCEJYS</subfield>
  </datafield>
  <datafield tag="080" ind1=" " ind2=" ">
    <subfield code="a">342.7</subfield>
    <subfield code="x">Derechos fundamentales. Derechos humanos. Derechos y deberes de los ciudadanos (Derecho a la Salud, vivienda)</subfield>
  </datafield>
  <datafield tag="245" ind1="1" ind2="0">
    <subfield code="a">Los derechos humanos en el derecho internacional</subfield>
  </datafield>
  <datafield tag="020" ind1=" " ind2=" ">
    <subfield code="a">978-987-3720-04-8</subfield>
  </datafield>
  <datafield tag="264" ind1=" " ind2="1">
    <subfield code="a">Buenos Aires :</subfield>
    <subfield code="b">Ministerio de Justicia y Derechos Humanos de la Naci&#xF3;n</subfield>
    <subfield code="c">2014</subfield>
  </datafield>
  <datafield tag="300" ind1=" " ind2=" ">
    <subfield code="a">ix, 261 p.</subfield>
    <subfield code="c">23 cm.</subfield>
  </datafield>
  <datafield tag="505" ind1=" " ind2=" ">
    <subfield code="a">1. Censura indirecta y responsabilidad civil. El "Caso Fontevecchia y D`Amico vs. Argentina - 2. La diversidad cultural como criterio para la determinaci&#xF3;n de sanciones en materia penal - 3. Los derechos humanos al agua y al saneamiento: aportes para un debate nacional pendiente - 4. El delito de terrorismo, el Derecho Internacional P&#xFA;blico y el Derecho Internacional de los Derechos Humanos - 5. El deber de garant&#xED;a y de prevenci&#xF3;n y la violencia contra las mujeres - 6. El derecho de la educaci&#xF3;n como derecho humano - 7. Negocios y derechos humanos. La responsabilidad de los Estados cuando intervienanen empresas multinacionales en la violaci&#xF3;n de derechos humanos - 8. Uno de los &#xFA;ltimos delitos sin v&#xED;ctimas. La prision con incesto consensuado entre hermanos adultos consangu&#xED;neos - 9. La lucha contra la trata de personas en Argentina y su compatibilidad con los est&#xE1;ndares internacionales</subfield>
  </datafield>
  <datafield tag="041" ind1=" " ind2=" ">
    <subfield code="a">spa</subfield>
  </datafield>
  <datafield tag="942" ind1=" " ind2=" ">
    <subfield code="c">BK</subfield>
  </datafield>
  <datafield tag="590" ind1=" " ind2=" ">
    <subfield code="a">niveau_biblio:m niveau_hierar:0</subfield>
  </datafield>
  <datafield tag="100" ind1="1" ind2=" ">
    <subfield code="a">Rey, Sebasti&#xE1;n Alejandro</subfield>
  </datafield>
  <datafield tag="856" ind1="4" ind2="1">
    <subfield code="u">https://biblioeco.unsa.edu.ar/pmb/images/libros/Los Derechos Humanos en el Derecho Internacional-l125111.jpg</subfield>
    <subfield code="y">Imagen de portada</subfield>
    <subfield code="q">image/jpeg</subfield>
  </datafield>
  <datafield tag="999" ind1=" " ind2=" ">
    <subfield code="c">2008</subfield>
    <subfield code="d">2008</subfield>
  </datafield>
  <datafield tag="952" ind1=" " ind2=" ">
    <subfield code="0">0</subfield>
    <subfield code="1">0</subfield>
    <subfield code="4">0</subfield>
    <subfield code="7">0</subfield>
    <subfield code="a">BCEJYS</subfield>
    <subfield code="b">BCEJYS</subfield>
    <subfield code="c">16</subfield>
    <subfield code="d">2026-04-07</subfield>
    <subfield code="l">0</subfield>
    <subfield code="o">342.7 R456d</subfield>
    <subfield code="p">L125111</subfield>
    <subfield code="r">2026-04-07 15:56:11</subfield>
    <subfield code="w">2026-04-07</subfield>
    <subfield code="y">L</subfield>
  </datafield>
</record>
